Normal view
MARC view
Entry Topical Term
001 - CONTROL NUMBER
- control field: 53051
003 - CONTROL NUMBER IDENTIFIER
- control field: dpl
005 - DATE AND TIME OF LATEST TRANSACTION
- control field: 20121011123456.0
008 - FIXED-LENGTH DATA ELEMENTS
- fixed length control field: 121011|||a|||||| | ||| d
040 ## - CATALOGING SOURCE
- Original cataloging agency: dpl
- Transcribing agency: dpl
150 ## - HEADING--TOPICAL TERM
- Topical term or geographic name as entry element: College teachers
- Geographic subdivision: India
- Geographic subdivision: Delhi
- Form subdivision: Biography.
670 ## - SOURCE DATA FOUND
- Source citation: Work cat.: (dpl)0: Thakur, C. P. (Chandreshwar Prasad), 1931- 53047, Memoirs of a professor and parliamentarian :, 2012
670 ## - SOURCE DATA FOUND
- Source citation: Work cat.: (dpl)0: Thakur, C. P. (Chandreshwar Prasad), 1931- 53047, Memoirs of a professor and parliamentarian :, 2012
